[Event "GER-ch48 sf05 email"]
[Site "GER email"]
[Date "2016.07.03"]
[Round "?"]
[White "Florian, Juergen"]
[Black "Scheiba, Manfred"]
[Result "1/2-1/2"]
[WhiteElo "2409"]
[BlackElo "2361"]
[PlyCount "54"]
[EventDate "2016.??.??"]
[EventType "tourn (corr)"]
[EventRounds "12"]
[EventCountry "GER"]
[SourceTitle "Corr 2017"]
[Source "ChessBase"]
[SourceDate "2017.09.19"]
[SourceVersion "1"]
[SourceVersionDate "2017.09.19"]
[SourceQuality "1"]

1. e4 c5 2. c3 Nf6 3. e5 Nd5 4. Nf3 Nc6 5. Bc4 Nb6 6. Bb3 c4 7. Bc2 Qc7 8. Qe2 g5 9. h3 Bg7 10. 0-0 Nxe5 11. Nxg5 d5 12. Re1 Qd6 13. Nf3 Ng6 14. d4 cxd3 15. Qxd3 0-0 16. a4 e5 17. Na3 Bd7 18. Qd1 Rad8 19. Be3 a6 20. Qd2 Nc8 21. Rad1 e4 22. Nd4 f5 23. f4 Nb6 24. a5 Na4 25. Nxf5 Rxf5 26. Bxe4 Rff8 27. Nc4 Qf6 1/2-1/2

[Event "GER-ch48 sf05 email"]
[Site "GER email"]
[Date "2016.07.03"]
[Round "?"]
[White "Schulz, Rainer"]
[Black "Florian, Juergen"]
[Result "1/2-1/2"]
[WhiteElo "2406"]
[BlackElo "2409"]
[PlyCount "36"]
[EventDate "2016.??.??"]
[EventType "tourn (corr)"]
[EventRounds "12"]
[EventCountry "GER"]
[SourceTitle "Corr 2017"]
[Source "ChessBase"]
[SourceDate "2017.09.19"]
[SourceVersion "1"]
[SourceVersionDate "2017.09.19"]
[SourceQuality "1"]

1. e4 c5 2. Nf3 d6 3. d4 cxd4 4. Nxd4 Nf6 5. Nc3 a6 6. Be3 e5 7. Nb3 Be6 8. Be2 Be7 9. 0-0 Nbd7 10. a4 0-0 11. a5 Rc8 12. Qd2 h6 13. Rfd1 Qc7 14. Nc1 Rfe8 15. Qe1 Nf8 16. Bb6 Qb8 17. f3 Ng6 18. Bf1 Bd8 1/2-1/2

[Event "GER-ch48 sf05 email"]
[Site "GER email"]
[Date "2016.04.03"]
[Round "?"]
[White "Wassilieff, Hans Dieter"]
[Black "Florian, Juergen"]
[Result "1/2-1/2"]
[WhiteElo "2045"]
[BlackElo "2196"]
[PlyCount "56"]
[EventDate "2016.??.??"]
[EventType "tourn (corr)"]
[EventRounds "12"]
[EventCountry "GER"]
[SourceTitle "Corr 2022"]
[Source "ChessBase"]
[SourceDate "2021.10.24"]
[SourceVersion "1"]
[SourceVersionDate "2021.10.24"]
[SourceQuality "1"]

1. e4 e6 2. d4 d5 3. Nc3 Bb4 4. e5 c5 5. a3 Bxc3+ 6. bxc3 Qa5 7. Bd2 Qa4 8. Qb1 c4 9. Nh3 Nc6 10. Nf4 Bd7 11. g3 0-0-0 12. Bg2 f6 13. exf6 Nxf6 14. Qb2 b6 15. 0-0-0 Ne4 16. Be3 Nd6 17. Rhe1 g5 18. Nh5 h6 19. g4 Be8 20. f3 Bxh5 21. gxh5 Rdf8 22. Bh3 Nd8 23. Bg4 Nf5 24. Re2 Kb7 25. Kb1 Rf7 26. Bf2 Re8 27. Rde1 Qd7 28. Ka2 Rfe7 1/2-1/2

[Event "GER Cup18 final email"]
[Site "GER email"]
[Date "2014.07.22"]
[Round "?"]
[White "Florian, Juergen"]
[Black "Emrich, Eiko"]
[Result "1/2-1/2"]
[WhiteElo "2192"]
[BlackElo "2111"]
[PlyCount "71"]
[EventDate "2014.07.28"]
[EventType "tourn (corr)"]
[EventRounds "6"]
[EventCountry "GER"]
[SourceTitle "Corr 2020"]
[Source "ChessBase"]
[SourceDate "2019.09.30"]
[SourceVersion "1"]
[SourceVersionDate "2019.09.30"]
[SourceQuality "1"]

1. e4 e6 2. d4 d5 3. Nc3 Nf6 4. e5 Nfd7 5. f4 c5 6. Nf3 Nc6 7. Be3 cxd4 8. Nxd4 Bc5 9. Qd2 0-0 10. g3 a6 11. Bg2 Nxd4 12. Bxd4 Bxd4 13. Qxd4 Qc7 14. 0-0-0 Rb8 15. Rhe1 b5 16. f5 b4 17. Ne2 Nxe5 18. Nf4 Nc6 19. Qd2 exf5 20. Qxd5 Nd8 21. Qd3 Kh8 22. b3 Ne6 23. Nd5 Qa5 24. Kb1 Nc7 25. Nxc7 Qxc7 26. Qd6 Qxd6 27. Rxd6 g6 28. Bd5 Bb7 29. Bxb7 Rxb7 30. Rxa6 Rc8 31. a4 bxa3 32. Rxa3 Rc4 33. Kb2 h5 34. Rea1 Kg7 35. Ra4 Re4 36. Rxe4 1/2-1/2

[Event "GER Cup18 final email"]
[Site "GER email"]
[Date "2014.07.22"]
[Round "?"]
[White "Florian, Juergen"]
[Black "Hauff, Andre"]
[Result "1-0"]
[WhiteElo "2192"]
[BlackElo "2088"]
[PlyCount "83"]
[EventDate "2014.07.28"]
[EventType "tourn (corr)"]
[EventRounds "6"]
[EventCountry "GER"]
[SourceTitle "Corr 2020"]
[Source "ChessBase"]
[SourceDate "2019.09.30"]
[SourceVersion "1"]
[SourceVersionDate "2019.09.30"]
[SourceQuality "1"]

1. c4 Nf6 2. d4 d5 3. cxd5 Nxd5 4. Nf3 g6 5. e4 Nb6 6. h3 Bg7 7. Nc3 0-0 8. Be3 Nc6 9. Be2 f5 10. exf5 gxf5 11. Qb3+ e6 12. Rd1 f4 13. Bc1 Kh8 14. Qa3 Qf6 15. 0-0 Rg8 16. Rfe1 Bf8 17. Qb3 Qg7 18. Bf1 Bd6 19. Ne5 Rf8 20. Nxc6 bxc6 21. Ne4 Nd5 22. Nxd6 cxd6 23. Qa3 Qe7 24. Re4 Bd7 25. Bc4 f3 26. g3 Rf5 27. Rde1 Rg8 28. Rg4 Re8 29. Bh6 Rf7 30. Bxd5 cxd5 31. Rf4 e5 32. Qxf3 Kg8 33. dxe5 Qe6 34. a3 d4 35. h4 a6 36. b4 Rxf4 37. Bxf4 Bb5 38. Qd1 Bc6 39. Qxd4 Qb3 40. Qe3 Qd5 41. f3 Re6 42. h5 1-0

[Event "GER-ch46 V09 email"]
[Site "GER email"]
[Date "2014.04.03"]
[Round "?"]
[White "Emrich, Eiko"]
[Black "Florian, Juergen"]
[Result "1/2-1/2"]
[WhiteElo "2113"]
[BlackElo "2228"]
[PlyCount "47"]
[EventDate "2014.04.16"]
[EventType "tourn (corr)"]
[EventRounds "8"]
[EventCountry "GER"]
[SourceTitle "Corr 2015"]
[Source "ChessBase"]
[SourceDate "2015.07.17"]
[SourceVersion "1"]
[SourceVersionDate "2015.07.17"]
[SourceQuality "1"]

1. Nf3 Nf6 2. g3 d5 3. Bg2 c6 4. 0-0 Bg4 5. c4 e6 6. cxd5 exd5 7. d3 Be7 8. Nc3 0-0 9. e4 Qc8 10. Re1 dxe4 11. dxe4 Rd8 12. Qe2 Na6 13. Be3 Nc5 14. Qc2 Bxf3 15. Bxf3 Ng4 16. Bxg4 Qxg4 17. Kg2 h5 18. f3 Qe6 19. Red1 b6 20. b3 Na6 21. Rac1 Ba3 22. Rxd8+ Rxd8 23. Rd1 Rxd1 24. Nxd1 1/2-1/2

[Event "GER-ch46 V09 email"]
[Site "GER email"]
[Date "2014.04.03"]
[Round "?"]
[White "Florian, Juergen"]
[Black "Boehnke, Hartmut"]
[Result "1/2-1/2"]
[WhiteElo "2185"]
[BlackElo "2081"]
[PlyCount "91"]
[EventDate "2014.04.16"]
[EventType "tourn (corr)"]
[EventRounds "8"]
[EventCountry "GER"]
[SourceTitle "Corr 2020"]
[Source "ChessBase"]
[SourceDate "2019.09.30"]
[SourceVersion "1"]
[SourceVersionDate "2019.09.30"]
[SourceQuality "1"]

1. c4 e5 2. Nc3 Nc6 3. g3 f5 4. Bg2 Nf6 5. e3 d5 6. cxd5 Nb4 7. d3 Nfxd5 8. Nxd5 Nxd5 9. Nf3 Bd6 10. 0-0 Qe7 11. Nd4 Nf6 12. Nb5 0-0 13. Nxd6 Qxd6 14. b3 Nd5 15. a4 a5 16. Ba3 Nb4 17. d4 c6 18. dxe5 Qxe5 19. Qd2 Qe7 20. Rfd1 Be6 21. Qc3 Rfd8 22. Rab1 Rd7 23. Bf3 Rc7 24. Qe5 h6 25. Rd4 c5 26. Bxb4 axb4 27. Rd6 Bf7 28. Qxe7 Rxe7 29. Bd5 Rc7 30. Kg2 Bxd5+ 31. Rxd5 g6 32. Rbd1 Kf7 33. Kf3 Re8 34. Ke2 Rb8 35. h4 h5 36. Kd3 b5 37. axb5 Rxb5 38. Ra1 Rbb7 39. Kc4 Ra7 40. Rdd1 Ke6 41. Rxa7 Rxa7 42. Rd2 Ra5 43. f4 Ra1 44. Kxc5 Rg1 45. Kxb4 Rxg3 46. Kc4 1/2-1/2

[Event "GER-chT10 LJ-21 Br01 email"]
[Site "GER email"]
[Date "2013.10.04"]
[Round "?"]
[White "Florian, Juergen"]
[Black "Figura, Atila Gajo"]
[Result "1/2-1/2"]
[WhiteElo "2228"]
[BlackElo "2093"]
[PlyCount "42"]
[EventDate "2013.10.15"]
[EventType "tourn (corr)"]
[EventRounds "8"]
[EventCountry "GER"]
[SourceTitle "Corr 2015"]
[Source "ChessBase"]
[SourceDate "2015.07.17"]
[SourceVersion "1"]
[SourceVersionDate "2015.07.17"]
[SourceQuality "1"]

1. e4 c5 2. c3 Nf6 3. e5 Nd5 4. Nf3 d6 5. d4 cxd4 6. cxd4 Nc6 7. Bc4 dxe5 8. dxe5 Ndb4 9. Qb3 e6 10. 0-0 Na5 11. Bb5+ Bd7 12. Qa4 Bxb5 13. Qxb5+ Nac6 14. Nc3 a6 15. Qc4 Qd3 16. Qg4 h5 17. Qg3 Qc4 18. Rd1 h4 19. Qf4 Qxf4 20. Bxf4 Ne7 21. h3 Ng6 1/2-1/2

[Event "GER-chT10 LJ-21 Br01 email"]
[Site "GER email"]
[Date "2013.10.04"]
[Round "?"]
[White "Isigkeit, Hans Juergen"]
[Black "Florian, Juergen"]
[Result "0-1"]
[WhiteElo "2106"]
[BlackElo "2228"]
[PlyCount "26"]
[EventDate "2013.10.15"]
[EventType "tourn (corr)"]
[EventRounds "8"]
[EventCountry "GER"]
[SourceTitle "Corr 2015"]
[Source "ChessBase"]
[SourceDate "2015.07.17"]
[SourceVersion "1"]
[SourceVersionDate "2015.07.17"]
[SourceQuality "1"]

1. d4 Nf6 2. c4 e6 3. Nc3 Bb4 4. e3 0-0 5. Bd3 c5 6. Nf3 d5 7. 0-0 Nc6 8. a3 Bxc3 9. bxc3 dxc4 10. Bxc4 Qc7 11. Bb2 e5 12. h3 b6 13. Bd3 e4 0-1

[Event "GER Cup19 sf08 serv"]
[Site "GER email"]
[Date "2013.07.14"]
[Round "?"]
[White "Firsching, Guenter"]
[Black "Florian, Juergen"]
[Result "1/2-1/2"]
[WhiteElo "2069"]
[BlackElo "2228"]
[PlyCount "62"]
[EventDate "2013.07.20"]
[EventType "tourn (corr)"]
[EventRounds "6"]
[EventCountry "GER"]
[SourceTitle "Corr 2015"]
[Source "ChessBase"]
[SourceDate "2015.07.17"]
[SourceVersion "1"]
[SourceVersionDate "2015.07.17"]
[SourceQuality "1"]

1. d4 e6 2. c4 Nf6 3. g3 c5 4. d5 exd5 5. cxd5 d6 6. Nc3 g6 7. Bg2 Bg7 8. Nf3 0-0 9. 0-0 Re8 10. Bf4 Na6 11. Re1 Ne4 12. Nxe4 Rxe4 13. Nd2 Rb4 14. a3 Rxf4 15. gxf4 Bxb2 16. Ra2 Bg7 17. e4 b5 18. a4 Nb4 19. Ra3 bxa4 20. Qxa4 a5 21. e5 Bf5 22. Ne4 dxe5 23. fxe5 Bxe5 24. Nxc5 Qd6 25. Ne4 Bxh2+ 26. Kh1 Qe5 27. Re2 Bf4 28. Ng3 Qf6 29. Re8+ Rxe8 30. Qxe8+ Kg7 31. Rxa5 Nd3 1/2-1/2

[Event "GER Cup19 sf08 serv"]
[Site "GER email"]
[Date "2013.07.14"]
[Round "?"]
[White "Florian, Juergen"]
[Black "Fabig, Holger"]
[Result "1/2-1/2"]
[WhiteElo "2228"]
[BlackElo "2008"]
[PlyCount "89"]
[EventDate "2013.07.20"]
[EventType "tourn (corr)"]
[EventRounds "6"]
[EventCountry "GER"]
[SourceTitle "Corr 2015"]
[Source "ChessBase"]
[SourceDate "2015.07.17"]
[SourceVersion "1"]
[SourceVersionDate "2015.07.17"]
[SourceQuality "1"]

1. Nf3 b6 2. e4 Bb7 3. Nc3 e6 4. d4 Bb4 5. Bd3 Nf6 6. Qe2 d5 7. exd5 Qxd5 8. 0-0 Bxc3 9. bxc3 Qh5 10. Qe5 Qxe5 11. Nxe5 Nbd7 12. Nxd7 Kxd7 13. Re1 h5 14. c4 h4 15. a4 h3 16. g3 a5 17. Bb2 Rae8 18. c5 Nd5 19. Red1 f6 20. Bb5+ Bc6 21. c4 Nb4 22. Bc3 Rd8 23. Rab1 bxc5 24. dxc5+ Kc8 25. Bxb4 Rxd1+ 26. Rxd1 Bxb5 27. cxb5 axb4 28. Kf1 Rh5 29. c6 Rc5 30. Rb1 Rc4 31. a5 e5 32. Ke2 f5 33. Kd3 Rc3+ 34. Kd2 Rc4 35. f3 g6 36. Rb3 Kb8 37. g4 Rd4+ 38. Ke2 Rc4 39. gxf5 gxf5 40. Rb2 Rd4 41. Kf2 f4 42. Ke2 b3 43. Rxb3 Ra4 44. a6 Ka7 45. Kd3 1/2-1/2

[Event "GER Cup19 sf14 serv"]
[Site "GER email"]
[Date "2013.07.14"]
[Round "?"]
[White "Zejewski, Paul"]
[Black "Florian, Juergen"]
[Result "1/2-1/2"]
[WhiteElo "2183"]
[BlackElo "2249"]
[PlyCount "125"]
[EventDate "2013.07.20"]
[EventType "tourn (corr)"]
[EventRounds "6"]
[EventCountry "GER"]
[SourceTitle "Corr 2015"]
[Source "ChessBase"]
[SourceDate "2015.07.17"]
[SourceVersion "1"]
[SourceVersionDate "2015.07.17"]
[SourceQuality "1"]

1. e4 e5 2. Nf3 Nc6 3. Bc4 Nf6 4. d3 Bc5 5. c3 d6 6. Bb3 a6 7. 0-0 0-0 8. Nbd2 Ba7 9. h3 h6 10. Re1 Nh5 11. Nf1 Qf6 12. Be3 Bxe3 13. fxe3 Qg6 14. Kh2 Bd7 15. g4 Nf6 16. Ng3 Kh8 17. Nf5 Na5 18. Ba4 Nc6 19. Rg1 Ng8 20. d4 Rad8 21. Qc2 Qh7 22. Raf1 g6 23. Ng3 Qg7 24. Rf2 Nge7 25. Rgf1 f6 26. c4 Nb8 27. Bb3 Nbc6 28. c5 exd4 29. exd4 d5 30. exd5 Nb4 31. Qe4 Bb5 32. Nh4 Rfe8 33. Rd1 Nbxd5 34. Bxd5 Rxd5 35. Re1 Kg8 36. Ng2 Qf7 37. Nf4 Rdd8 38. Qxb7 Rxd4 39. Qxc7 Rd7 40. Qa5 Nd5 41. Ne4 Nxf4 42. Rxf4 Re6 43. Qc3 f5 44. Nd6 Rxe1 45. Qxe1 Re7 46. Qd2 Qf6 47. Nxb5 axb5 48. gxf5 Kg7 49. fxg6 Re2+ 50. Qxe2 Qxf4+ 51. Kg2 Qg5+ 52. Qg4 Qd2+ 53. Kf3 Qd3+ 54. Kf2 Qd2+ 55. Qe2 Qf4+ 56. Qf3 Qd2+ 57. Kf1 Qc1+ 58. Ke2 Qc2+ 59. Ke3 Qxc5+ 60. Kd2 Kxg6 61. Qe4+ Kg7 62. a3 h5 63. Qe3 1/2-1/2

[Event "GER Cup18 PZ06 serv"]
[Site "GER email"]
[Date "2012.09.02"]
[Round "?"]
[White "Beck, Gerhard"]
[Black "Florian, Juergen"]
[Result "1/2-1/2"]
[WhiteElo "1958"]
[BlackElo "2186"]
[PlyCount "80"]
[EventDate "2012.09.06"]
[EventType "tourn (corr)"]
[EventRounds "6"]
[EventCountry "GER"]
[SourceTitle "Corr 2015"]
[Source "ChessBase"]
[SourceDate "2015.07.17"]
[SourceVersion "1"]
[SourceVersionDate "2015.07.17"]
[SourceQuality "1"]

1. d4 Nf6 2. c4 e6 3. Nf3 c5 4. d5 exd5 5. cxd5 d6 6. Nc3 g6 7. Nd2 Bg7 8. e4 0-0 9. Be2 Re8 10. 0-0 Nbd7 11. a4 a6 12. f4 Rb8 13. Kh1 Qc7 14. Bd3 b6 15. Qf3 c4 16. Nxc4 Nc5 17. e5 dxe5 18. fxe5 Nxd3 19. Qxd3 Bf5 20. d6 Qc6 21. Qd4 Nd7 22. Bf4 Qc5 23. Qxc5 bxc5 24. Nd5 Bd3 25. Rfc1 g5 26. Ne7+ Kh8 27. Bxg5 Bxc4 28. Rxc4 Bxe5 29. Bf4 Bxb2 30. Rf1 f6 31. a5 Kg7 32. g3 Kf7 33. Rc2 Bd4 34. Nd5 Rb2 35. Rxb2 Bxb2 36. Nc7 Re2 37. Nxa6 Bc3 38. Rc1 Re1+ 39. Rxe1 Bxe1 40. Be3 Bxa5 1/2-1/2

[Event "GER Cup18 PZ06 serv"]
[Site "GER email"]
[Date "2012.09.02"]
[Round "?"]
[White "Diele, Ralf"]
[Black "Florian, Juergen"]
[Result "0-1"]
[WhiteElo "2005"]
[BlackElo "2186"]
[PlyCount "74"]
[EventDate "2012.09.06"]
[EventType "tourn (corr)"]
[EventRounds "6"]
[EventCountry "GER"]
[SourceTitle "Corr 2015"]
[Source "ChessBase"]
[SourceDate "2015.07.17"]
[SourceVersion "1"]
[SourceVersionDate "2015.07.17"]
[SourceQuality "1"]

1. d4 Nf6 2. c4 e6 3. Nf3 c5 4. d5 b5 5. Bg5 exd5 6. cxd5 h6 7. Bxf6 Qxf6 8. Qc2 d6 9. e4 a6 10. a4 b4 11. Nbd2 Nd7 12. Bd3 Be7 13. Nc4 0-0 14. 0-0 Re8 15. Nfd2 g5 16. Rae1 h5 17. Re3 Qh6 18. e5 Nxe5 19. Nxe5 dxe5 20. Rxe5 Bd7 21. Rfe1 Bf8 22. Rxe8 Bxe8 23. b3 g4 24. Nc4 Bg7 25. Ne3 Bc3 26. Nf5 Qf6 27. Re7 Rd8 28. Ra7 Kf8 29. Bc4 Bd7 30. Ne3 Bc8 31. d6 Be6 32. Rxa6 Bxc4 33. Nxc4 Re8 34. Ne3 Qd4 35. Qh7 Qd1+ 36. Nf1 Qxf1+ 37. Kxf1 Re1# 0-1

[Event "GER-ch41 final email"]
[Site "GER email"]
[Date "2012.03.10"]
[Round "?"]
[White "Florian, Juergen"]
[Black "Bucher, Heinz"]
[Result "1-0"]
[WhiteElo "2186"]
[BlackElo "2263"]
[PlyCount "113"]
[EventDate "2011.09.12"]
[EventType "tourn (corr)"]
[EventRounds "19"]
[EventCountry "GER"]
[SourceTitle "Corr 2015"]
[Source "ChessBase"]
[SourceDate "2015.07.17"]
[SourceVersion "1"]
[SourceVersionDate "2015.07.17"]
[SourceQuality "1"]

1. e4 c5 2. c3 e6 3. Nf3 d5 4. exd5 exd5 5. d4 Nc6 6. Bb5 Bd6 7. dxc5 Bxc5 8. 0-0 Nge7 9. Nbd2 0-0 10. Nb3 Bd6 11. h3 Re8 12. Re1 Bf5 13. Be3 h6 14. Bd3 Be4 15. Nfd4 Bc7 16. Bxe4 dxe4 17. Qg4 Qd6 18. g3 Qg6 19. Nxc6 Qxc6 20. Nd4 Qg6 21. Rad1 Qxg4 22. hxg4 Nd5 23. Nf5 Nxe3 24. Nxe3 Bb6 25. Nd5 Re6 26. c4 Rae8 27. Kg2 g6 28. b4 Bd8 29. a4 Kf8 30. a5 Kg7 31. c5 a6 32. Re2 Re5 33. Nc3 f5 34. gxf5 gxf5 35. Red2 Bf6 36. Rd6 R5e6 37. Rxe6 Rxe6 38. Nd5 Bg5 39. Nb6 Re7 40. Rd5 Bc1 41. b5 axb5 42. a6 bxa6 43. c6 Kf7 44. Nd7 Ke6 45. c7 Re8 46. Nb6 Bg5 47. f4 exf3+ 48. Kxf3 b4 49. Rd1 Rh8 50. c8Q+ Rxc8 51. Nxc8 a5 52. Rd6+ Ke5 53. Ra6 Bd8 54. Na7 Kd5 55. Nc6 Bg5 56. Nxa5 Kc5 57. Re6 1-0

[Event "GER-ch41 final email"]
[Site "GER email"]
[Date "2012.03.10"]
[Round "?"]
[White "Florian, Juergen"]
[Black "Engelhardt, Georg"]
[Result "1/2-1/2"]
[WhiteElo "2186"]
[BlackElo "2154"]
[PlyCount "73"]
[EventDate "2011.09.12"]
[EventType "tourn (corr)"]
[EventRounds "19"]
[EventCountry "GER"]
[SourceTitle "Corr 2015"]
[Source "ChessBase"]
[SourceDate "2015.07.17"]
[SourceVersion "1"]
[SourceVersionDate "2015.07.17"]
[SourceQuality "1"]

1. e4 c5 2. c3 d5 3. exd5 Qxd5 4. d4 Nf6 5. Nf3 Bg4 6. dxc5 Qxc5 7. Na3 a6 8. h3 Bf5 9. Nc4 Nbd7 10. Be3 Qc7 11. Qd4 Be4 12. Nce5 e6 13. Nxd7 Qxd7 14. Ne5 Qxd4 15. Bxd4 h6 16. Rd1 Rc8 17. f3 Bh7 18. Nc4 Bc5 19. Bxf6 gxf6 20. Nd6+ Bxd6 21. Rxd6 Ke7 22. Rb6 Rc7 23. Kf2 Rd8 24. Be2 Bc2 25. Ke3 Rd5 26. Rb4 Rcd7 27. Rd4 Re5+ 28. Kf2 Rxd4 29. cxd4 Rd5 30. Ke3 Ba4 31. Rc1 Kd7 32. f4 e5 33. dxe5 fxe5 34. b3 exf4+ 35. Kxf4 Bc6 36. g4 Rd4+ 37. Kf5 1/2-1/2

[Event "GER-ch41 final email"]
[Site "GER email"]
[Date "2012.03.10"]
[Round "?"]
[White "Steinke, Ruediger"]
[Black "Florian, Juergen"]
[Result "1/2-1/2"]
[WhiteElo "2238"]
[BlackElo "2198"]
[PlyCount "53"]
[EventDate "2011.09.12"]
[EventType "tourn (corr)"]
[EventRounds "19"]
[EventCountry "GER"]
[SourceTitle "Corr 2015"]
[Source "ChessBase"]
[SourceDate "2015.07.17"]
[SourceVersion "1"]
[SourceVersionDate "2015.07.17"]
[SourceQuality "1"]

1. d4 Nf6 2. c4 e6 3. Nf3 d5 4. Nc3 c6 5. Bg5 h6 6. Bh4 dxc4 7. e4 g5 8. Bg3 b5 9. Be2 Bb7 10. h4 g4 11. Ne5 Rg8 12. Nxg4 Nbd7 13. Nxf6+ Nxf6 14. Bf3 Qb6 15. Qd2 b4 16. Na4 Qa5 17. b3 Ba6 18. Qf4 Be7 19. 0-0 cxb3 20. axb3 Bxf1 21. Rxf1 Nh5 22. Qxh6 Nxg3 23. fxg3 Qc7 24. e5 Rxg3 25. Qh8+ Bf8 26. Qf6 Be7 27. Qh8+ 1/2-1/2

[Event "GER-ch41 final email"]
[Site "GER email"]
[Date "2011.09.10"]
[Round "?"]
[White "Florian, Juergen"]
[Black "Zejewski, Paul"]
[Result "1/2-1/2"]
[WhiteElo "2198"]
[BlackElo "2212"]
[PlyCount "83"]
[EventDate "2011.09.12"]
[EventType "tourn (corr)"]
[EventRounds "19"]
[EventCountry "GER"]
[SourceTitle "Corr 2015"]
[Source "ChessBase"]
[SourceDate "2015.07.17"]
[SourceVersion "1"]
[SourceVersionDate "2015.07.17"]
[SourceQuality "1"]

1. e4 d6 2. d4 Nf6 3. Nc3 g6 4. f4 Bg7 5. Nf3 0-0 6. Bd3 Nc6 7. e5 dxe5 8. fxe5 Nh5 9. Be3 Bg4 10. Be2 f6 11. exf6 exf6 12. 0-0 Re8 13. Qd2 Ne7 14. Bc4+ Kh8 15. Nh4 Nc6 16. Bf2 g5 17. h3 Bxh3 18. gxh3 gxh4 19. Bf7 Re5 20. Bxh4 Qd7 21. Qd1 Nxd4 22. Bxh5 Qxh3 23. Qg4 Qe3+ 24. Rf2 Nf5 25. Kf1 Qxc3 26. Rxf5 Rxf5+ 27. Qxf5 Qc4+ 28. Kg2 Qxh4 29. Bg4 Qh6 30. Rh1 Qd2+ 31. Kg3 Qd6+ 32. Kh3 Rg8 33. Rd1 Qb6 34. Bf3 Qe3 35. Rd7 b6 36. Rf7 Qh6+ 37. Qh5 Qf4 38. Qg4 Bh6 39. Qxf4 Bxf4 40. Be4 Rg3+ 41. Kh4 Rg7 42. Rf8+ 1/2-1/2